Statistics for Name That Fruit Quiz

Click here to take the quiz!

General Stats

  • This quiz has been taken 386,386 times
  • The average score is 12 of 20

Answer Stats

Answer % Correct
Strawberry
97%
Kiwi
96%
Watermelon
95%
Pear
95%
Pineapple
94%
Avocado
93%
Blackberry
81%
Mango
79%
Pomegranate
76%
Papaya
61%
{Passion} Fruit
53%
Lychee
47%
Fig
44%
Guava
41%
Persimmon
24%
Red Currant
24%
Kumquat
24%
{Jack}fruit
22%
Rambutan
14%
Quince
9%

Score Distribution

Percentile by Number Answered

Percent of People with Each Score

Your Score History

You have not taken this quiz